| 000 | 01438nam a2200349 a 4500 | ||
|---|---|---|---|
| 001 | ebr10623241 | ||
| 003 | CaPaEBR | ||
| 006 | m u | ||
| 007 | cr cn||||||||| | ||
| 008 | 061127s2006 enka sb 001 0 eng d | ||
| 010 | _z 2006285680 | ||
| 020 | _z0719074037 (hbk.) | ||
| 020 | _z9780719074035 | ||
| 020 | _z9781847792297 (e-book) | ||
| 040 |
_aCaPaEBR _cCaPaEBR |
||
| 035 | _a(OCoLC)808598612 | ||
| 043 | _ae------ | ||
| 050 | 1 | 4 |
_aHC240 _b.P84 2006eb |
| 082 | 0 | 4 |
_a330.94056 _222 |
| 100 | 1 | _aPuetter, Uwe. | |
| 245 | 1 | 4 |
_aThe Eurogroup _h[electronic resource] : _bhow a secretive circle of finance ministers shape European economic governance / _cUwe Puetter. |
| 260 |
_aManchester, U.K. ; _aNew York : _bManchester University Press ; _aNew York : _bDistributed in the USA by Palgrave, _cc2006. |
||
| 300 |
_axiv, 194 p. : _bill. |
||
| 440 | 0 | _aEuropean Policy Research Unit series | |
| 504 | _aIncludes bibliographical references (p. [175]-188) and index. | ||
| 533 |
_aElectronic reproduction. _bPalo Alto, Calif. : _cebrary, _d2011. _nAvailable via World Wide Web. _nAccess may be limited to ebrary affiliated libraries. |
||
| 650 | 0 |
_aFinance ministers _zEurope. |
|
| 651 | 0 |
_aEurope _xEconomic policy. |
|
| 655 | 7 |
_aElectronic books. _2local |
|
| 710 | 2 | _aebrary, Inc. | |
| 856 | 4 | 0 |
_uhttp://site.ebrary.com/lib/rucke/Doc?id=10623241 _zAn electronic book accessible through the World Wide Web; click to view |
| 999 |
_c158662 _d158662 |
||